|
|
|
|
| LEADER |
00824nam a2200241 a 4500 |
| 001 |
29360 |
| 003 |
BD-DhAAL |
| 005 |
20150611095044.0 |
| 008 |
150611s2012 xxu 000 0 eng |
| 020 |
|
|
|a 9781482557374
|
| 020 |
|
|
|a 0486280624
|
| 040 |
|
|
|a DLC
|c DLC
|d DLC
|d BD-DhAAL
|
| 050 |
0 |
0 |
|a HB831
|b .V4 1994
|
| 082 |
0 |
0 |
|a 305.5234
|2 20
|
| 100 |
1 |
|
|a Veblen, Thorstein,
|d 1857-1929
|9 11937
|
| 245 |
1 |
4 |
|a The theory of the leisure class /
|c Thorstein Veblen.
|
| 260 |
|
|
|a USA :
|b Renaissance classics,
|c c2012
|
| 300 |
|
|
|a 300 p. ;
|c 21 cm.
|
| 541 |
|
|
|e 29360
|
| 650 |
|
0 |
|a Leisure class.
|9 11938
|
| 942 |
|
|
|2 ddc
|c BK
|
| 999 |
|
|
|c 34691
|d 34691
|
| 952 |
|
|
|0 0
|1 0
|2 ddc
|4 0
|6 305_523400000000000_VEB
|7 0
|9 54254
|a BRACUL
|b BRACUL
|c GEN
|d 2015-06-11
|e Karim International
|g 1230.00
|l 2
|o 305.5234 VEB
|p 3010029360
|r 2025-12-07
|s 2025-11-09
|t 1
|w 2015-06-11
|y BK
|